| Поле | Инд. | ПП | Название | Значение |
|---|---|---|---|---|
| Тип записи | a | |||
| Библиографический уровень | m | |||
| 001 | Контрольный номер | 7e628dd72f814161ae9b4fb71c7af517 | ||
| 005 | Дата корректировки | 20260604083516.2 | ||
| 020 | a | ISBN | 978-5-392-17757-8 | |
| 040 | a | Служба первич. каталог. | НБ ТвГУ | |
| b | Код языка каталог. | rus | ||
| e | Правила каталог. | PSBO | ||
| 041 | 0_ | a | Код языка текста | rus |
| 080 | a | Индекс УДК | 316(075.8) | |
| 084 | a | Индекс другой классификации/Индекс ББК | С5я73-1 | |
| 090 | a | Полочн. индекс | С5 | |
| x | Авторский знак | Ф 91 | ||
| 097 | b | Оператор | Polyakova.IM | |
| 100 | 1_ | a | Автор | Фролов Сергей Станиславович |
| q | Полное имя | Фролов С. С. | ||
| 245 | 10 | a | Заглавие | Общая социология |
| b | Продолж. заглавия | учебник | ||
| 260 | c | Дата издания | 2015 | |
| a | Место издания | Москва | ||
| b | Издательство | Проспект | ||
| 300 | a | Объем | 383, [1] с. | |
| b | Иллюстрации/ тип воспроизводства | ил., табл. | ||
| 504 | a | Библиография | Библиогр.: с. 375-381 | |
| 520 | 0_ | a | Аннотация | В учебнике изложены основные понятия и концепции "Социологии" как науки об обществе на современном этапе ее развития. Здесь рассматривается структура социологического знания, приводятся описание предмета социологии, сведения об истории этой дисциплины, о социальной структуре и взаимосвязях, видах социальных процессов. В этой книге можно найти ответы на вопросы, что такое власть, что представляют собой социальные институты, как происходят изменения в обществе. Отличительная особенность книги - ясность и четкая логическая структура изложения, облегчающая восприятие достаточно сложного по содержанию и объемного материала. Учебник дополнен словарем ключевых социологических терминов. Для студентов, аспирантов и преподавателей высших и средних специальных учебных заведений, а также для всех интересующихся социально-гуманитарными дисциплинами. |
| 653 | 0_ | a | Ключевые слова | Социология |
| a | Ключевые слова | Культура и личность | ||
| a | Ключевые слова | Личность и общество | ||
| a | Ключевые слова | Социальные отношения | ||
| a | Ключевые слова | Социальные группы | ||
| a | Ключевые слова | Социальные процессы | ||
| a | Ключевые слова | Учебники для вузов | ||
| 852 | 41 | i | Расстановочный признак | Проверка 2026 |
| 901 | t | Тип документа | m | |
| 920 | a | Оператор | Поля | |
| a | Оператор | Суха | ||
| a | Оператор | Стро | ||
| 930 | a | Новая/Ретро | новая | |
| 952 | c | Вид литературы | К ру | |
| 954 | b | Дата поступления в ОК | 20190304 | |
| a | Дата поступления на обработку | 20190313 | ||
| c | Дата окончания ОНО | 20190325 |